000 00569nam a2200217Ia 4500
003 OSt
005 20220924143226.0
006 a|||||r|||| 00| 0
007 ta
008 220923b |||||||| |||| 00| 0 urd d
024 _a307323
037 _cTextual
040 _aARTS
_cARTS
_burd
041 _2urd
_aurd
082 _aAwD973, 168P7
100 _aVirk Mohammad zakaria
_9215125
245 0 _aNamvar Science dan aburehan alberuni
260 _c2007
942 _hAwD973, 168P7
_cTEXL
_2CC
999 _c453687
_d453687